Oscar Best Pictures Quiz (1928-1979, Randomized) - Statistics

General Stats
  • This quiz has been taken 56 times
    51 since last reset
  • The average score is 9 of 52
Answer Stats
Year Best Picture % Correct
1959 Ben-Hur
50%
1975 One Flew Over the Cuckoo's Nest
50%
1954 On the Waterfront
50%
1970 Patton
50%
1950 All About Eve
25%
1930 All Quiet on the Western Front
25%
1977 Annie Hall
25%
1943 Casablanca
25%
1953 From Here to Eternity
25%
1944 Going My Way
25%
1939 Gone with the Wind
25%
1941 How Green Was My Valley
25%
1962 Lawrence of Arabia
25%
1969 Midnight Cowboy
25%
1942 Mrs. Miniver
25%
1935 Mutiny on the Bounty
25%
1964 My Fair Lady
25%
1968 Oliver!
25%
1940 Rebecca
25%
1976 Rocky
25%
1960 The Apartment
25%
1957 The Bridge on the River Kwai
25%
1929 The Broadway Melody
25%
1978 The Deer Hunter
25%
1972 The Godfather
25%
1974 The Godfather Part II
25%
1936 The Great Ziegfeld
25%
1945 The Lost Weekend
25%
1965 The Sound of Music
25%
1927 Wings
25%
1938 You Can't Take It with You
25%
1949 All the King's Men
0%
1966 A Man for All Seasons
0%
1951 An American in Paris
0%
1956 Around the World in Eighty Days
0%
1933 Cavalcade
0%
1931 Cimarron
0%
1947 Gentleman's Agreement
0%
1958 Gigi
0%
1932 Grand Hotel
0%
1948 Hamlet
0%
1967 In the Heat of the Night
0%
1934 It Happened One Night
0%
1979 Kramer vs. Kramer
0%
1955 Marty
0%
1946 The Best Years of Our Lives
0%
1971 The French Connection
0%
1952 The Greatest Show on Earth
0%
1937 The Life of Emile Zola
0%
1973 The Sting
0%
1963 Tom Jones
0%
1961 West Side Story
0%
No matching quizzes found
Score Distribution
Percent of People with Each Score
Percentile by Number Answered
Your Score History
You have not taken this quiz since the last reset